000
00312nam a22001457a 4500
020
_a
978-93-86429-06-3
082
_a
894.812.1
100
_a
KGS
245
_a
NJANENTE KAKSHI
260
_a
THRISSUR
_b
CURRENT BOOKS
_c
2017
300
_a
143
520
_a
MALAYALAM POEM
650
_a
MALAYALAM POEM
942
_c
BK
999
_c
5757
_d
5757